Catalog

Record Details

Catalog Search



Rozvodové jedy  Cover Image Book Book

Rozvodové jedy / Richard A. Warshak ; [z anglického originálu ... přeložila Daniela Zounková]

Record details

  • ISBN: 80-7254-439-X
  • Physical Description: 389 s. ; 21 cm
  • Edition: Vyd. 1.
  • Publisher: Praha : Triton, 2003

Content descriptions

General Note:
Kontaktní adresy
Bibliography, etc. Note:
Obsahuje rejstřík
Subject: rodiče a děti
psychologie dítěte
výchova dítěte
psychologické poradenství
rozvod
rodinné vztahy
divorce
family relations
parents and children
child psychology
child rearing
psychological counseling
Genre: příručky
handbooks and manuals

Available copies

  • 1 of 1 copy available at Common Catalog SPOK.

Holds

  • 0 current holds with 1 total copy.
Show Only Available Copies
Location Call Number / Copy Notes Barcode Shelving Location Status Due Date
Jabok Library Ped-8.2.1/W 424480020198 Odborná literatura Available -

LDR 01855nam a2200553 a 4500
00111120
003CZ-PrJAB
00520190318105911.0
007ta
008040121s2003 xr e 001 0 cze
015 . ‡acnb001294929
020 . ‡a80-7254-439-X ‡q(váz.)
035 . ‡a(CZ PrNK)cpk20031294929
035 . ‡a(OCoLC)56856033
040 . ‡aABA001 ‡bcze
0411 . ‡acze ‡heng
072 7. ‡a364 ‡xSociální problémy vyžadující podporu a pomoc. Sociální zabezpečení ‡2Konspekt ‡918
080 . ‡a159.922.7 ‡2MRF
080 . ‡a37.03-053.2 ‡2MRF
080 . ‡a364.442.2 ‡2MRF
080 . ‡a364.642 ‡2MRF
080 . ‡a316.356.2 ‡2MRF
080 . ‡a173.5/.7 ‡2MRF
080 . ‡a(035) ‡2MRF
1001 . ‡aWarshak, Richard Ades, ‡d1949- ‡7xx0016279 ‡4aut
24510. ‡aRozvodové jedy / ‡cRichard A. Warshak ; [z anglického originálu ... přeložila Daniela Zounková]
250 . ‡aVyd. 1.
260 . ‡aPraha : ‡bTriton, ‡c2003
300 . ‡a389 s. ; ‡c21 cm
500 . ‡aKontaktní adresy
504 . ‡aObsahuje rejstřík
65007. ‡arodiče a děti ‡7ph116053 ‡2czenas
65007. ‡apsychologie dítěte ‡7ph117256 ‡2czenas
65007. ‡avýchova dítěte ‡7ph127420 ‡2czenas
65007. ‡apsychologické poradenství ‡7ph124805 ‡2czenas
65007. ‡arozvod ‡7ph125274 ‡2czenas
65007. ‡arodinné vztahy ‡7ph135535 ‡2czenas
65009. ‡adivorce ‡2eczenas
65009. ‡afamily relations ‡2eczenas
65009. ‡aparents and children ‡2eczenas
65009. ‡achild psychology ‡2eczenas
65009. ‡achild rearing ‡2eczenas
65009. ‡apsychological counseling ‡2eczenas
655 7. ‡apříručky ‡7fd133209 ‡2czenas
655 9. ‡ahandbooks and manuals ‡2eczenas
7001 . ‡aSobková Zounková, Daniela, ‡d1974- ‡7ola2005319163 ‡4trl
7650 . ‡tDivorce poison ‡9Česky
910 . ‡aABG312
995 . ‡aska
901 . ‡a11120 ‡bUnknown ‡c11120 ‡tbiblio

Additional Resources